|
|
|
|
| LEADER |
00000cam a2200000 i 4500 |
| 001 |
1/75454 |
| 008 |
961004s1980 eng d |
| 020 |
|
|
|a 0-471-87616-X
|
| 035 |
|
|
|l 10003764
|
| 040 |
|
|
|a GR-MY-UA
|b gre
|e aacr
|
| 041 |
0 |
|
|a eng
|
| 082 |
0 |
|
|a 551.49
|
| 100 |
1 |
|
|a Todd, David Keith
|d 1923-
|
| 245 |
1 |
0 |
|a Groundwater hydrology /
|c David Keith Todd
|
| 250 |
|
|
|a 2nd ed.
|
| 260 |
|
|
|a New York :
|b Wiley,
|c c1980
|
| 300 |
|
|
|a xiii, 535 σ.;
|b εικ.;
|c 24 εκ.
|
| 504 |
|
|
|a Περιέχει βιβλιογραφικές παραπομπές και ευρετήριο
|
| 650 |
0 |
0 |
|a Groundwater.
|
| 852 |
|
|
|a INST
|b LESVOS
|e 19961004
|h 551.49 TOD
|p 005100009176
|q 005100009176
|t BK
|y 0
|
| 909 |
|
|
|a Λ
|b 03918
|